00490nam a22001457a 4500003000500000038001800005082000800023100001800031245012100049264003300170300002300203650001800226700004300244856005700287NUST aNusrat Nadeem a200 aIqbal, Mehroz aANALYZING THE PERFORMANCE OF NON-LIFE INSURANCE COMPANIES USING TWO-STAGE DATA ENVELOPMENT ANALYSIS/cMehroz Iqbal,  aIslamabad;bS3H NUST;c2024. a52,p;billc30,cm. aMS- Economics aSupervisor: Dr. Muhammad Zubair Mumtaz uhttp://10.250.8.41:8080/xmlui/handle/123456789/45555